Every player who has had over 100 million market value - Statistics

General Stats
  • This quiz has been taken 30 times
  • The average score is 40 of 51
Answer Stats
Nation Year Market Value Answer % Correct
Portugal 2014 120M€ Cristiano Ronaldo
100%
Norway 2024 200M€ Erling Haaland
100%
England 2023 180M€ Jude Bellingham
100%
France 2018 200M€ Kylian Mbappé
100%
Argentina 2018 180M€ Lionel Messi
100%
England 2024 150M€ Phil Foden
100%
Germany 2024 140M€ Florian Wirtz
96%
England 2018 150M€ Harry Kane
96%
Germany 2024 140M€ Jamal Musiala
96%
Spain 2025 200M€ Lamine Yamal
96%
Brazil 2024 200M€ Vinicius Jr
96%
England 2024 150M€ Bukayo Saka
91%
Belgium 2018 150M€ Kevin De Bruyne
91%
Egypt 2018 150M€ Mohamed Salah
91%
Brazil 2018 180M€ Neymar
91%
Brazil 2024 110M€ Rodrygo
91%
Senegal 2019 150M€ Sadio Mané
91%
Denmark 2019 100M€ Christian Eriksen
87%
Belgium 2018 150M€ Eden Hazard
87%
Argentina 2023 110M€ Lautaro Martínez
87%
Norway 2024 110M€ Martin Ødegaard
87%
Sweden 2025 120M€ Alexander Isak
83%
Argentina 2025 100M€ Alexis Mac Allister
83%
France 2018 150M€ Antoine Griezmann
83%
England 2024 120M€ Declan Rice
83%
England 2018 100M€ Dele Alli
83%
France 2019 120M€ Ousmane Dembélé
83%
Spain 2025 140M€ Pedri
83%
Belgium 2018 100M€ Romelu Lukaku
83%
Nigeria 2023 120M€ Victor Osimhen
83%
Netherlands 2019 100M€ Virgil Van Dijk
83%
Uruguay 2024 130M€ Federico Valverde
78%
Slovenia 2019 100M€ Jan Oblak
74%
Spain 2024 130M€ Rodri
74%
England 2024 130M€ Cole Palmer
70%
England 2021 100M€ Jack Grealish
70%
Portugal 2019 100M€ João Félix
65%
Argentina 2025 100M€ Julián Álvarez
65%
Brazil 2018 150M€ Philippe Coutinho
65%
England 2019 110M€ Trent Alexander-Arnold
65%
France 2024 100M€ Aurélien Tchouaméni
61%
France 2024 100M€ Eduardo Camavinga
61%
England 2020 130M€ Jadon Sancho
61%
France 2019 100M€ Paul Pogba
61%
Portugal 2019 100M€ Bernardo Silva
57%
Germany 2018 100M€ Leroy Sané
57%
England 2019 160M€ Raheem Sterling
57%
France 2025 100M€ Michael Olise
52%
France 2018 100M€ N’Golo Kanté
48%
Argentina 2018 110M€ Paulo Dybala
43%
Argentina 2018 100M€ Mauro Icardi
17%
No matching quizzes found
Score Distribution
Percent of People with Each Score
Percentile by Number Answered
Your Score History
You have not taken this quiz